000 00603nam a22002297a 4500
003 UA-OsUOA
001 31292
007 ta
008 20041209b un ||||| |||| 00| 0 ukr d
090 _a82.09
_bТ53
942 _cBK
040 _aUA-OsUOA
_bukr
_cUA-OsUOA
_dUA-OsUOA
245 _aЛев Толстой у дослідженнях радянських літературознавців
_bЗбірник статей
300 _a260 с.
955 _a0
041 _aukr
080 _a82.09
260 _aКиїв
_bДніпро
_c1978
044 _aUA
650 7 _2UDC
999 _c317714
_d317714